000 00266nam a2200109Ia 4500
008 190216s9999||||xx |||||||||||||| ||und||
100 _aAsees V A A
245 0 _aAsramam Agale
260 _bSahithya Pravarthaka Sahakarana Sangam
650 _aMalayalam
942 _cBK
999 _c25875
_d25875